Die verborgene Tugend unbekannte Helden und Diktatur in Österreich 1938-1945
| Other Authors: | |
|---|---|
| Format: | Book |
| Language: | German Italian |
| PhysicalDescription: | 158 s. fotogr. 30 cm |
| Published: |
Quinto di Treviso
Europrint
p2007
|
| ISBN: | 8888121137 9788888121130 |
| Subjects: |
MARC
| LEADER | 00000nam a2200000 a 4500 | ||
|---|---|---|---|
| 001 | vtls010074319 | ||
| 003 | SK-MaSNL | ||
| 005 | 20260301182140.0 | ||
| 008 | 180730p2007 it o g hc 000 0dger | ||
| 020 | |a 8888121137 |q (brož.) | ||
| 020 | |a 9788888121130 |q (brož.) | ||
| 040 | |a SNK |b slo |c SNK |e AACR2 | ||
| 041 | 0 | |a ger |a ita | |
| 043 | |a e-au--- | ||
| 044 | |a it |c IT | ||
| 072 | 7 | |a 323 |x Vnútropolitický vývoj, politický život |2 konspekt | |
| 072 | 7 | |a 929 |x Biografie |2 konspekt | |
| 080 | |a 323.25/.26 |2 2001 | ||
| 080 | |a 329.18 |2 2001 | ||
| 080 | |a 94(436) |2 2001 | ||
| 080 | |a (083.824) |2 2001 | ||
| 080 | |a 929 |2 2001 | ||
| 245 | 0 | 4 | |a Die verborgene Tugend |b unbekannte Helden und Diktatur in Österreich 1938-1945 |c herausgegeben von Francesco Pistolato |
| 246 | 1 | 1 | |a Virtù nascosta |
| 260 | |a Quinto di Treviso |b Europrint |c p2007 | ||
| 300 | |a 158 s. |b fotogr. |c 30 cm | ||
| 504 | |a Obsahuje bibliografické odkazy | ||
| 546 | |a Súbež. text tal. | ||
| 648 | 7 | |a 1938-1945 |2 SNKPH |9 268164 | |
| 650 | 0 | 7 | |a hnutie odporu |2 SNKPH |9 83610 |
| 650 | 0 | 7 | |a fašizmus |2 SNKPH |9 4834 |
| 651 | 7 | |a Rakúsko |x dejiny |2 SNKPH |9 66145 | |
| 655 | 7 | |a katalógy výstav |2 SNKPH |9 70445 | |
| 700 | 1 | |a Pistolato, Francesco |4 edt |9 555619 | |
| 919 | |a 88-88121-13-7 | ||
| 919 | |a 978-88-88121-13-0 | ||
| 999 | |c 852613 |d 854543 | ||
| 952 | |a SNK |b SNK |y VYP |7 0 |p 17A0651886 |o snkIB 72185 |i snk2010/6808 |8 2 |g 10.00 |0 0 |1 0 |4 0 |d 2010-03-11 |l 0 |r 2026-02-24 04:46:30 |w 2026-02-24 | ||


